| 000 | 00462cam a2200169 i 4500 | ||
|---|---|---|---|
| 005 | 20260308125644.0 | ||
| 008 | 250721s2015 xxu gr 000 0 eng d | ||
| 020 | _a9781449474256 | ||
| 082 | 1 | 4 |
_a821 _bK A U |
| 100 | 1 |
_akaur, rupi _eauthor. |
|
| 245 | 1 | 0 |
_aMilk and honey / _crupi kaur. |
| 264 |
_akansas city : _bAndrews McMeel publishing, _c2015. |
||
| 300 | _a204 Pages. | ||
| 650 | 1 | 7 | _aEnglish poetry. |
| 942 |
_2ddc _cBK |
||
| 999 |
_c138670 _d138670 |
||